[Event "ODJM C 2024"]
[Site "Willingen GER"]
[Date "2024.05.21"]
[Round "4"]
[White "Hellmann, Alexander"]
[Black "Rafikov, Artur"]
[Result "1-0"]
[Termination "normal"]
[Board "18"]
[WhiteElo "1524"]
[BlackElo "1021"]
[WhiteClock "00:43:41"]
[BlackClock "00:56:47"]
[PlyCount "75"]
[WhiteFideId "34612050"]
[BlackFideId "34642676"]
[EventCountry "GER"]
[EventRounds "9"]
[EventType "swiss"]
[EventDate "2024.05.18"]

1. e4 {[%clk 01:30:56]} {[%emt 00:00:03]} e5 {[%clk 01:30:57]} {[%emt
00:00:04]} 2. Nf3 {[%clk 01:31:21]} {[%emt 00:00:05]} Nc6 {[%clk 01:31:20]}
{[%emt 00:00:07]} 3. Bc4 {[%clk 01:31:46]} {[%emt 00:00:05]} Bc5 {[%clk
01:31:40]} {[%emt 00:00:10]} 4. c3 {[%clk 01:32:11]} {[%emt 00:00:06]} Nf6
{[%clk 01:31:54]} {[%emt 00:00:16]} 5. d4 {[%clk 01:32:35]} {[%emt 00:00:06]}
exd4 {[%clk 01:31:24]} {[%emt 00:00:59]} 6. e5 {[%clk 01:33:00]} {[%emt
00:00:06]} Ng4 {[%emt 00:05:24]} 7. cxd4 {[%clk 01:26:16]} {[%emt 00:04:57]}
Bb4+ {[%clk 01:28:21]} {[%emt 00:00:56]} 8. Nc3 {[%clk 01:23:19]} {[%emt
00:03:27]} d6 {[%clk 01:25:16]} {[%emt 00:03:35]} 9. h3 {[%clk 01:19:47]}
{[%emt 00:04:01]} Nh6 {[%clk 01:24:14]} {[%emt 00:01:31]} 10. Bg5 {[%clk
01:18:41]} {[%emt 00:01:37]} Qd7 {[%clk 01:23:43]} {[%emt 00:01:00]} 11. Qe2
{[%clk 01:10:24]} {[%emt 00:08:47]} dxe5 {[%clk 01:22:37]} {[%emt 00:01:36]}
12. Nxe5 {[%clk 01:10:20]} {[%emt 00:00:35]} Nxe5 {[%clk 01:19:12]} {[%emt
00:03:53]} 13. Qxe5+ {[%clk 01:10:27]} {[%emt 00:00:24]} Kf8 {[%clk 01:18:30]}
{[%emt 00:01:09]} 14. Bxh6 {[%clk 01:10:20]} {[%emt 00:00:40]} f6 {[%clk
01:16:06]} {[%emt 00:02:47]} 15. Qf4 {[%clk 01:08:45]} {[%emt 00:02:09]} Qc6
{[%clk 01:12:31]} {[%emt 00:04:08]} 16. d5 {[%clk 01:04:30]} {[%emt 00:04:44]}
Qe8+ {[%clk 01:09:53]} {[%emt 00:05:42]} 17. Qe3 {[%clk 01:03:33]} {[%emt
00:01:56]} Qxe3+ {[%clk 01:10:02]} {[%emt 00:00:19]} 18. Bxe3 {[%clk 01:03:55]}
{[%emt 00:00:09]} Ke7 {[%clk 01:07:47]} {[%emt 00:02:44]} 19. O-O {[%clk
01:03:34]} {[%emt 00:00:53]} Re8 {[%clk 01:07:03]} {[%emt 00:01:13]} 20. Nb5
{[%clk 01:02:49]} {[%emt 00:01:16]} Bd6 {[%clk 01:06:30]} {[%emt 00:01:03]} 21.
Nxd6 {[%clk 01:00:56]} {[%emt 00:02:23]} cxd6 {[%clk 01:06:23]} {[%emt
00:00:35]} 22. Rac1 {[%clk 01:00:47]} {[%emt 00:00:41]} b6 {[%clk 01:05:36]}
{[%emt 00:01:18]} 23. Bb5 {[%clk 01:00:13]} {[%emt 00:01:04]} Rd8 {[%clk
01:04:14]} {[%emt 00:01:52]} 24. Rc7+ {[%clk 00:59:51]} {[%emt 00:00:52]} Kf8
{[%clk 01:04:22]} {[%emt 00:00:22]} 25. Rfc1 {[%clk 00:59:08]} {[%emt
00:01:12]} a6 {[%clk 01:02:19]} {[%emt 00:02:35]} 26. Bd3 {[%clk 00:58:10]}
{[%emt 00:01:27]} Kg8 {[%clk 01:02:30]} {[%emt 00:00:20]} 27. R1c6 {[%clk
00:55:30]} {[%emt 00:03:10]} b5 {[%clk 01:02:21]} {[%emt 00:00:40]} 28. Bf4
{[%clk 00:53:58]} {[%emt 00:02:00]} Kh8 {[%clk 00:59:40]} {[%emt 00:03:12]} 29.
Rxd6 {[%clk 00:50:19]} {[%emt 00:04:09]} Re8 {[%clk 00:59:17]} {[%emt
00:00:52]} 30. Rdc6 {[%clk 00:49:38]} {[%emt 00:01:12]} Re1+ {[%clk 00:59:07]}
{[%emt 00:00:41]} 31. Kh2 {[%clk 00:49:07]} {[%emt 00:01:01]} Re8 {[%clk
00:59:18]} {[%emt 00:00:19]} 32. Kg3 {[%clk 00:48:08]} {[%emt 00:01:28]} Kg8
{[%clk 00:59:32]} {[%emt 00:00:15]} 33. d6 {[%clk 00:47:23]} {[%emt 00:01:16]}
Be6 {[%clk 00:57:27]} {[%emt 00:02:35]} 34. d7 {[%clk 00:43:33]} {[%emt
00:04:20]} Re7 {[%clk 00:56:58]} {[%emt 00:01:00]} 35. Rc8+ {[%clk 00:43:45]}
{[%emt 00:00:17]} Rxc8 {[%clk 00:56:45]} {[%emt 00:00:43]} 36. Rxc8+ {[%clk
00:44:02]} {[%emt 00:00:13]} Kf7 {[%clk 00:56:43]} {[%emt 00:00:31]} 37. d8=Q
{[%emt 00:01:11]} Bxc8 {[%clk 00:56:47]} {[%emt 00:00:23]} 38. Qxc8 {[%clk
00:43:41]} {[%emt 00:00:13]} 1-0

[Event "ODJM C 2024"]
[Site "Willingen GER"]
[Date "2024.05.21"]
[Round "4"]
[White "Michaelis, Leon"]
[Black "Jamalli, Ali"]
[Result "0-1"]
[Termination "normal"]
[Board "20"]
[WhiteElo "917"]
[BlackElo "1544"]
[WhiteClock "01:22:38"]
[BlackClock "01:03:56"]
[PlyCount "104"]
[WhiteFideId "34660542"]
[BlackFideId "34691464"]
[EventCountry "GER"]
[EventRounds "9"]
[EventType "swiss"]
[EventDate "2024.05.18"]

1. e4 {[%clk 01:30:58]} {[%emt 00:00:02]} c6 {[%clk 01:30:50]} {[%emt
00:00:10]} 2. Nf3 {[%clk 01:30:50]} {[%emt 00:00:38]} d5 {[%clk 01:31:09]}
{[%emt 00:00:12]} 3. e5 {[%clk 01:30:43]} {[%emt 00:00:37]} Bf5 {[%clk
01:31:02]} {[%emt 00:00:37]} 4. d4 {[%clk 01:30:40]} {[%emt 00:00:33]} c5
{[%clk 01:29:53]} {[%emt 00:01:40]} 5. c3 {[%clk 01:29:46]} {[%emt 00:01:23]}
Nc6 {[%clk 01:29:03]} {[%emt 00:01:20]} 6. Bb5 {[%clk 01:29:35]} {[%emt
00:00:41]} Bd7 {[%clk 01:28:11]} {[%emt 00:01:22]} 7. dxc5 {[%clk 01:28:46]}
{[%emt 00:01:20]} e6 {[%clk 01:27:02]} {[%emt 00:01:39]} 8. Bg5 {[%clk
01:28:38]} {[%emt 00:00:37]} Qc7 {[%clk 01:26:52]} {[%emt 00:00:40]} 9. Qe2
{[%clk 01:28:17]} {[%emt 00:00:50]} Bxc5 {[%clk 01:26:22]} {[%emt 00:01:01]}
10. Nd4 {[%clk 01:28:00]} {[%emt 00:00:47]} Bxd4 {[%clk 01:20:23]} {[%emt
00:06:29]} 11. Bxc6 {[%clk 01:27:24]} {[%emt 00:01:06]} Bxf2+ {[%clk 01:19:09]}
{[%emt 00:01:44]} 12. Qxf2 {[%clk 01:27:33]} {[%emt 00:00:20]} Bxc6 {[%clk
01:18:53]} {[%emt 00:00:47]} 13. Qe3 {[%clk 01:26:14]} {[%emt 00:01:48]} Qb6
{[%clk 01:15:50]} {[%emt 00:03:34]} 14. Qxb6 {[%clk 01:25:49]} {[%emt
00:00:54]} axb6 {[%clk 01:15:20]} {[%emt 00:01:00]} 15. O-O {[%clk 01:25:35]}
{[%emt 00:00:44]} h6 {[%clk 01:15:45]} {[%emt 00:00:05]} 16. Bh4 {[%clk
01:25:51]} {[%emt 00:00:14]} Ra4 {[%clk 01:13:54]} {[%emt 00:02:23]} 17. Bf2
{[%clk 01:25:46]} {[%emt 00:00:34]} Re4 {[%clk 01:12:14]} {[%emt 00:02:09]} 18.
Bd4 {[%clk 01:25:30]} {[%emt 00:00:47]} Ne7 {[%clk 01:10:11]} {[%emt 00:02:33]}
19. Nd2 {[%clk 01:25:39]} {[%emt 00:00:21]} Re2 {[%clk 01:10:29]} {[%emt
00:00:12]} 20. Rfd1 {[%clk 01:25:08]} {[%emt 00:01:01]} Nf5 {[%clk 01:07:54]}
{[%emt 00:03:05]} 21. Kf1 {[%clk 01:24:41]} {[%emt 00:00:56]} Nxd4 {[%clk
01:07:59]} {[%emt 00:00:26]} 22. cxd4 {[%clk 01:25:09]} {[%emt 00:00:03]} Bb5
{[%clk 01:08:16]} {[%emt 00:00:13]} 23. Kg1 {[%clk 01:24:47]} {[%emt 00:00:51]}
O-O {[%clk 01:06:22]} {[%emt 00:02:24]} 24. b3 {[%clk 01:24:04]} {[%emt
00:01:12]} f6 {[%clk 01:03:56]} {[%emt 00:02:56]} 25. Nf3 {[%clk 01:24:05]}
{[%emt 00:00:29]} fxe5 {[%clk 01:03:50]} {[%emt 00:00:37]} 26. Nxe5 {[%clk
01:23:45]} {[%emt 00:00:50]} Rff2 {[%clk 01:03:52]} {[%emt 00:00:23]} 27. Nf3
{[%clk 01:23:10]} {[%emt 00:01:09]} Rxg2+ {[%clk 01:03:50]} {[%emt 00:00:33]}
28. Kh1 {[%clk 01:23:38]} {[%emt 00:00:02]} Rgf2 {[%clk 01:03:32]} {[%emt
00:00:49]} 29. Rf1 {[%clk 01:22:32]} {[%emt 00:01:35]} Rxf1+ {[%clk 01:02:51]}
{[%emt 00:01:12]} 30. Rxf1 {[%clk 01:22:41]} {[%emt 00:00:19]} Rxa2 {[%clk
01:03:20]} {[%emt 00:00:02]} 31. Rc1 {[%clk 01:21:34]} {[%emt 00:01:36]} Bc6
{[%clk 01:00:33]} {[%emt 00:03:18]} 32. Ne5 {[%clk 01:21:12]} {[%emt 00:00:51]}
Rb2 {[%clk 01:00:45]} {[%emt 00:00:18]} 33. Nxc6 {[%clk 01:21:19]} {[%emt
00:00:24]} bxc6 {[%clk 01:01:09]} {[%emt 00:00:07]} 34. Rxc6 {[%clk 01:21:41]}
{[%emt 00:00:07]} Rxb3 {[%clk 01:01:35]} {[%emt 00:00:04]} 35. Rxe6 {[%clk
01:21:34]} {[%emt 00:00:34]} Rb4 {[%clk 01:01:54]} {[%emt 00:00:13]} 36. Kg2
{[%clk 01:21:59]} {[%emt 00:00:06]} Kf7 {[%clk 01:02:08]} {[%emt 00:00:16]} 37.
Rc6 {[%clk 01:21:49]} {[%emt 00:00:39]} b5 {[%clk 01:02:03]} {[%emt 00:00:36]}
38. Rc5 {[%clk 01:21:47]} {[%emt 00:00:32]} Rxd4 {[%clk 01:02:00]} {[%emt
00:00:34]} 39. Rxb5 {[%clk 01:22:09]} {[%emt 00:00:08]} Ke6 {[%clk 01:02:22]}
{[%emt 00:00:08]} 40. Kf3 {[%clk 01:22:31]} {[%emt 00:00:07]} Rd2 {[%clk
01:02:34]} {[%emt 00:00:19]} 41. h4 {[%clk 01:22:47]} {[%emt 00:00:14]} Ke5
{[%clk 01:02:50]} {[%emt 00:00:14]} 42. Rb7 {[%clk 01:22:19]} {[%emt 00:00:58]}
g5 {[%clk 01:02:00]} {[%emt 00:01:20]} 43. hxg5 {[%clk 01:22:26]} {[%emt
00:00:23]} hxg5 {[%clk 01:02:29]} {[%emt 00:00:02]} 44. Rg7 {[%clk 01:22:43]}
{[%emt 00:00:12]} Rd3+ {[%clk 01:01:55]} {[%emt 00:01:04]} 45. Kf2 {[%clk
01:22:43]} {[%emt 00:00:29]} Kf4 {[%clk 01:01:31]} {[%emt 00:00:53]} 46. Rf7+
{[%clk 01:21:34]} {[%emt 00:01:40]} Kg4 {[%clk 01:01:51]} {[%emt 00:00:10]} 47.
Re7 {[%clk 01:21:30]} {[%emt 00:00:33]} Rd4 {[%clk 01:01:56]} {[%emt 00:00:26]}
48. Ke3 {[%clk 01:21:22]} {[%emt 00:00:37]} Re4+ {[%clk 01:02:18]} {[%emt
00:00:09]} 49. Rxe4+ {[%clk 01:21:36]} {[%emt 00:00:14]} dxe4 {[%clk 01:02:43]}
{[%emt 00:00:06]} 50. Kxe4 {[%clk 01:21:59]} {[%emt 00:00:06]} Kh3 {[%clk
01:03:12]} {[%emt 00:00:02]} 51. Kf3 {[%clk 01:22:12]} {[%emt 00:00:17]} g4+
{[%clk 01:03:31]} {[%emt 00:00:11]} 52. Kf2 {[%clk 01:22:38]} {[%emt 00:00:04]}
Kh2 {[%clk 01:03:56]} 0-1

[Event "ODJM C 2024"]
[Site "Willingen GER"]
[Date "2024.05.21"]
[Round "4"]
[White "Lau, Lars"]
[Black "Lohrmann, Flavia"]
[Result "1-0"]
[Termination "normal"]
[Board "21"]
[WhiteElo "1554"]
[BlackElo "1455"]
[WhiteClock "00:34:27"]
[BlackClock "00:09:35"]
[PlyCount "89"]
[WhiteFideId "34623663"]
[BlackFideId "12982865"]
[EventCountry "GER"]
[EventRounds "9"]
[EventType "swiss"]
[EventDate "2024.05.18"]

1. c4 {[%clk 01:30:57]} {[%emt 00:00:02]} e6 {[%clk 01:30:55]} {[%emt
00:00:05]} 2. Nc3 {[%clk 01:31:22]} {[%emt 00:00:05]} d5 {[%clk 01:31:11]}
{[%emt 00:00:15]} 3. cxd5 {[%clk 01:31:45]} {[%emt 00:00:07]} exd5 {[%clk
01:31:28]} {[%emt 00:00:12]} 4. e3 {[%clk 01:32:07]} {[%emt 00:00:08]} a6
{[%clk 01:30:39]} {[%emt 00:01:19]} 5. Nf3 {[%clk 01:31:57]} {[%emt 00:00:40]}
Nf6 {[%clk 01:29:13]} {[%emt 00:01:57]} 6. a3 {[%clk 01:29:34]} {[%emt
00:02:53]} Bf5 {[%clk 01:27:58]} {[%emt 00:01:45]} 7. d4 {[%clk 01:21:54]}
{[%emt 00:08:09]} Bd6 {[%clk 01:22:51]} {[%emt 00:05:37]} 8. Qb3 {[%clk
01:12:59]} {[%emt 00:09:25]} Be7 {[%clk 01:12:31]} {[%emt 00:10:50]} 9. Qxb7
{[%clk 01:08:05]} {[%emt 00:05:24]} Nbd7 {[%clk 01:11:36]} {[%emt 00:01:26]}
10. Nxd5 {[%clk 01:04:53]} {[%emt 00:03:42]} Be4 {[%clk 01:10:01]} {[%emt
00:02:04]} 11. Qxa8 {[%clk 01:03:19]} {[%emt 00:02:05]} Bxd5 {[%clk 01:08:32]}
{[%emt 00:01:59]} 12. Qxd8+ {[%clk 01:03:32]} {[%emt 00:00:17]} Bxd8 {[%clk
01:08:55]} {[%emt 00:00:07]} 13. Bxa6 {[%clk 01:03:18]} {[%emt 00:00:44]} O-O
{[%clk 01:08:10]} {[%emt 00:01:14]} 14. Be2 {[%clk 01:02:41]} {[%emt 00:01:07]}
Re8 {[%clk 01:00:55]} {[%emt 00:07:46]} 15. O-O {[%clk 01:02:06]} {[%emt
00:01:04]} Ne4 {[%clk 00:57:51]} {[%emt 00:03:34]} 16. Nd2 {[%clk 00:59:30]}
{[%emt 00:03:07]} Ng5 {[%clk 00:55:33]} {[%emt 00:02:47]} 17. Bc4 {[%clk
00:58:19]} {[%emt 00:01:42]} Bc6 {[%clk 00:54:45]} {[%emt 00:01:18]} 18. b4
{[%clk 00:57:20]} {[%emt 00:01:29]} Bf6 {[%clk 00:52:09]} {[%emt 00:03:05]} 19.
b5 {[%clk 00:53:37]} {[%emt 00:04:14]} Bb7 {[%clk 00:51:54]} {[%emt 00:00:44]}
20. a4 {[%clk 00:47:51]} {[%emt 00:06:17]} Ra8 {[%clk 00:48:44]} {[%emt
00:03:39]} 21. a5 {[%clk 00:44:17]} {[%emt 00:04:05]} Bd8 {[%clk 00:31:10]}
{[%emt 00:18:04]} 22. Bb2 {[%clk 00:42:51]} {[%emt 00:01:55]} c6 {[%clk
00:27:07]} {[%emt 00:04:33]} 23. a6 {[%clk 00:42:07]} {[%emt 00:01:14]} Bc8
{[%clk 00:25:44]} {[%emt 00:01:53]} 24. bxc6 {[%clk 00:41:02]} {[%emt
00:01:36]} Nb8 {[%clk 00:25:06]} {[%emt 00:01:08]} 25. d5 {[%clk 00:39:33]}
{[%emt 00:01:58]} Bc7 {[%clk 00:20:57]} {[%emt 00:04:38]} 26. a7 {[%clk
00:38:32]} {[%emt 00:01:32]} Nxc6 {[%clk 00:17:22]} {[%emt 00:04:05]} 27. dxc6
{[%clk 00:37:54]} {[%emt 00:01:08]} Be6 {[%clk 00:15:16]} {[%emt 00:02:36]} 28.
Ba6 {[%clk 00:35:14]} {[%emt 00:03:11]} Rxa7 {[%clk 00:14:08]} {[%emt
00:01:37]} 29. h4 {[%clk 00:35:04]} {[%emt 00:00:40]} Nh3+ {[%clk 00:13:37]}
{[%emt 00:01:00]} 30. gxh3 {[%clk 00:35:19]} {[%emt 00:00:16]} Bxh3 {[%clk
00:13:37]} {[%emt 00:00:30]} 31. Rfd1 {[%clk 00:34:13]} {[%emt 00:01:35]} Bg4
{[%clk 00:09:03]} {[%emt 00:05:04]} 32. f3 {[%clk 00:34:09]} {[%emt 00:00:35]}
Be6 {[%clk 00:09:12]} {[%emt 00:00:20]} 33. Bb7 {[%clk 00:34:19]} {[%emt
00:00:20]} Rxa1 {[%clk 00:09:23]} {[%emt 00:00:20]} 34. Bxa1 {[%clk 00:34:34]}
{[%emt 00:00:15]} h6 {[%clk 00:08:50]} {[%emt 00:01:03]} 35. Ne4 {[%clk
00:33:34]} {[%emt 00:01:30]} Bb3 {[%clk 00:08:00]} {[%emt 00:01:20]} 36. Rd7
{[%clk 00:33:37]} {[%emt 00:00:27]} Bb6 {[%clk 00:07:52]} {[%emt 00:00:39]} 37.
c7 {[%clk 00:33:25]} {[%emt 00:00:41]} Bxe3+ {[%clk 00:07:31]} {[%emt
00:00:51]} 38. Kg2 {[%clk 00:33:50]} {[%emt 00:00:05]} Be6 {[%clk 00:07:40]}
{[%emt 00:00:20]} 39. c8=Q+ {[%clk 00:33:38]} {[%emt 00:00:42]} Kh7 {[%clk
00:08:00]} {[%emt 00:00:11]} 40. Ng5+ {[%clk 00:33:36]} {[%emt 00:00:32]} hxg5
{[%clk 00:08:17]} {[%emt 00:00:13]} 41. Be4+ {[%clk 00:33:54]} {[%emt
00:00:12]} f5 {[%clk 00:08:27]} {[%emt 00:00:20]} 42. Bxf5+ {[%clk 00:34:12]}
{[%emt 00:00:12]} Bxf5 {[%clk 00:08:49]} {[%emt 00:00:08]} 43. Rxg7+ {[%clk
00:34:32]} {[%emt 00:00:10]} Kh6 {[%clk 00:09:09]} {[%emt 00:00:10]} 44. Qh8+
{[%clk 00:34:35]} {[%emt 00:00:27]} Bh7 {[%clk 00:09:35]} {[%emt 00:00:04]} 45.
Qxh7# {[%clk 00:34:27]} {[%emt 00:00:06]} 1-0

[Event "ODJM C 2024"]
[Site "Willingen GER"]
[Date "2024.05.21"]
[Round "4"]
[White "Knaudt, Anna"]
[Black "Bharathula, Agasthya"]
[Result "1-0"]
[Termination "normal"]
[Board "22"]
[WhiteElo "1330"]
[BlackElo "1142"]
[WhiteClock "00:16:34"]
[BlackClock "00:53:28"]
[PlyCount "105"]
[WhiteFideId "533001910"]
[BlackFideId "34641785"]
[EventCountry "GER"]
[EventRounds "9"]
[EventType "swiss"]
[EventDate "2024.05.18"]

1. e4 {[%clk 01:30:58]} {[%emt 00:00:02]} e5 {[%clk 01:30:56]} {[%emt
00:00:04]} 2. Nf3 {[%clk 01:31:23]} {[%emt 00:00:05]} Nc6 {[%clk 01:31:21]}
{[%emt 00:00:05]} 3. Bc4 {[%clk 01:31:46]} {[%emt 00:00:07]} Bc5 {[%clk
01:31:46]} {[%emt 00:00:05]} 4. c3 {[%clk 01:32:05]} {[%emt 00:00:11]} Nf6
{[%clk 01:32:09]} {[%emt 00:00:06]} 5. d3 {[%clk 01:32:29]} {[%emt 00:00:07]}
O-O {[%clk 01:31:58]} {[%emt 00:00:40]} 6. O-O {[%clk 01:32:42]} {[%emt
00:00:17]} d6 {[%clk 01:31:57]} {[%emt 00:00:32]} 7. Be3 {[%clk 01:32:42]}
{[%emt 00:00:30]} Bb6 {[%clk 01:32:18]} {[%emt 00:00:09]} 8. Nbd2 {[%clk
01:32:25]} {[%emt 00:00:47]} Be6 {[%clk 01:32:31]} {[%emt 00:00:17]} 9. Bb3
{[%clk 01:23:58]} {[%emt 00:08:57]} h6 {[%clk 01:31:57]} {[%emt 00:01:03]} 10.
h3 {[%clk 01:14:24]} {[%emt 00:10:04]} d5 {[%clk 01:32:09]} {[%emt 00:00:19]}
11. exd5 {[%clk 01:12:14]} {[%emt 00:02:40]} Nxd5 {[%clk 01:31:53]} {[%emt
00:00:46]} 12. Bxb6 {[%clk 01:11:34]} {[%emt 00:01:10]} axb6 {[%clk 01:31:33]}
{[%emt 00:00:50]} 13. Re1 {[%clk 01:10:42]} {[%emt 00:01:21]} Re8 {[%clk
01:25:37]} {[%emt 00:06:26]} 14. Nxe5 {[%clk 01:04:35]} {[%emt 00:06:37]} Nxe5
{[%clk 01:25:51]} {[%emt 00:00:16]} 15. Rxe5 {[%clk 01:03:59]} {[%emt
00:01:06]} Qd6 {[%clk 01:25:35]} {[%emt 00:00:46]} 16. Nf3 {[%clk 00:54:58]}
{[%emt 00:09:31]} f6 {[%clk 01:23:36]} {[%emt 00:02:29]} 17. Re1 {[%clk
00:54:40]} {[%emt 00:00:48]} Bf7 {[%clk 01:20:42]} {[%emt 00:03:25]} 18. d4
{[%clk 00:49:33]} {[%emt 00:05:37]} Rxe1+ {[%clk 01:20:19]} {[%emt 00:00:53]}
19. Qxe1 {[%clk 00:49:43]} {[%emt 00:00:19]} Re8 {[%clk 01:20:39]} {[%emt
00:00:10]} 20. Qd2 {[%clk 00:48:56]} {[%emt 00:01:17]} Nf4 {[%clk 01:16:13]}
{[%emt 00:04:56]} 21. Re1 {[%clk 00:46:19]} {[%emt 00:03:08]} Rxe1+ {[%clk
01:15:47]} {[%emt 00:00:56]} 22. Qxe1 {[%clk 00:46:28]} {[%emt 00:00:19]} Bxb3
{[%clk 01:16:06]} {[%emt 00:00:11]} 23. Qe8+ {[%clk 00:44:48]} {[%emt
00:02:12]} Qf8 {[%clk 01:16:29]} {[%emt 00:00:07]} 24. Qxf8+ {[%clk 00:45:09]}
{[%emt 00:00:08]} Kxf8 {[%clk 01:16:54]} {[%emt 00:00:05]} 25. axb3 {[%clk
00:45:33]} {[%emt 00:00:06]} Ne2+ {[%clk 01:16:00]} {[%emt 00:01:24]} 26. Kf1
{[%clk 00:45:31]} {[%emt 00:00:32]} Nc1 {[%clk 01:15:56]} {[%emt 00:00:34]} 27.
Nd2 {[%clk 00:42:20]} {[%emt 00:03:41]} Nd3 {[%clk 01:16:17]} {[%emt 00:00:09]}
28. g3 {[%clk 00:42:32]} {[%emt 00:00:18]} c5 {[%clk 01:16:12]} {[%emt
00:00:35]} 29. Ke2 {[%clk 00:32:50]} {[%emt 00:10:12]} Nxb2 {[%clk 01:16:19]}
{[%emt 00:00:23]} 30. dxc5 {[%clk 00:31:59]} {[%emt 00:01:21]} bxc5 {[%clk
01:16:43]} {[%emt 00:00:07]} 31. c4 {[%clk 00:28:44]} {[%emt 00:03:44]} b5
{[%clk 01:15:59]} {[%emt 00:01:15]} 32. cxb5 {[%clk 00:28:49]} {[%emt
00:00:24]} Ke7 {[%clk 01:16:03]} {[%emt 00:00:27]} 33. Nc4 {[%clk 00:17:57]}
{[%emt 00:11:22]} Nxc4 {[%clk 01:16:15]} {[%emt 00:00:18]} 34. bxc4 {[%clk
00:18:22]} {[%emt 00:00:04]} g6 {[%clk 01:16:34]} {[%emt 00:00:12]} 35. g4
{[%clk 00:18:07]} {[%emt 00:00:45]} g5 {[%clk 01:16:16]} {[%emt 00:00:48]} 36.
Ke3 {[%clk 00:18:07]} {[%emt 00:00:30]} Ke6 {[%clk 01:16:39]} {[%emt 00:00:07]}
37. Ke4 {[%clk 00:18:10]} {[%emt 00:00:27]} Kd6 {[%clk 01:16:34]} {[%emt
00:00:34]} 38. Kf5 {[%clk 00:18:22]} {[%emt 00:00:19]} Ke7 {[%clk 01:16:50]}
{[%emt 00:00:14]} 39. f3 {[%clk 00:17:24]} {[%emt 00:01:28]} Ke8 {[%clk
01:16:45]} {[%emt 00:00:35]} 40. Kxf6 {[%clk 00:17:39]} {[%emt 00:00:13]} Kd7
{[%clk 01:08:37]} {[%emt 00:08:38]} 41. Kg6 {[%clk 00:16:50]} {[%emt 00:01:20]}
Ke6 {[%clk 01:07:20]} {[%emt 00:01:47]} 42. Kxh6 {[%clk 00:16:58]} {[%emt
00:00:22]} Kd7 {[%clk 01:05:00]} {[%emt 00:02:50]} 43. Kxg5 {[%clk 00:16:37]}
{[%emt 00:00:51]} Ke7 {[%clk 01:05:19]} {[%emt 00:00:11]} 44. h4 {[%clk
00:16:55]} {[%emt 00:00:12]} Kf7 {[%clk 01:04:55]} {[%emt 00:00:54]} 45. b6
{[%clk 00:17:11]} {[%emt 00:00:14]} Kg7 {[%clk 01:05:19]} {[%emt 00:00:06]} 46.
b7 {[%clk 00:17:28]} {[%emt 00:00:13]} Kf7 {[%clk 01:04:16]} {[%emt 00:01:34]}
47. b8=Q {[%clk 00:16:52]} {[%emt 00:01:05]} Ke6 {[%clk 01:03:06]} {[%emt
00:01:40]} 48. f4 {[%clk 00:15:52]} {[%emt 00:01:31]} Kd7 {[%clk 01:01:17]}
{[%emt 00:02:18]} 49. Qb6 {[%clk 00:15:49]} {[%emt 00:00:33]} Ke7 {[%clk
00:57:53]} {[%emt 00:03:53]} 50. Qc6 {[%clk 00:16:01]} {[%emt 00:00:18]} Kf7
{[%clk 00:57:28]} {[%emt 00:00:55]} 51. Qd7+ {[%clk 00:16:24]} {[%emt
00:00:08]} Kf8 {[%clk 00:54:54]} {[%emt 00:03:04]} 52. Kg6 {[%clk 00:16:40]}
{[%emt 00:00:14]} Kg8 {[%clk 00:53:28]} {[%emt 00:01:56]} 53. Qg7# {[%clk
00:16:34]} {[%emt 00:00:05]} 1-0